Health Economics for Nurses (Record no. 155484)

MARC details
000 -LEADER
fixed length control field 00259nam a2200109Ia 4500
008 - FIXED-LENGTH DATA ELEMENTS--GENERAL INFORMATION
fixed length control field 230411s9999 xx 000 0 und d
041 ## - LANGUAGE CODE
Language code of text/sound track or separate title eng
100 ## - MAIN ENTRY--PERSONAL NAME
Personal name Mali Ramling
245 ## - TITLE STATEMENT
Title Health Economics for Nurses
260 ## - PUBLICATION, DISTRIBUTION, ETC. (IMPRINT)
Name of publisher, distributor, etc. Sneha Publications
300 ## - PHYSICAL DESCRIPTION
Extent 143p
Holdings
Withdrawn status Lost status Damaged status Not for loan Home library Current library Date acquired Vendor Total Checkouts Barcode Date last seen Bill Date Koha item type Original Barcode
Withdrawn       Smt. Bakul Tambat Institute of Nursing Education Smt. Bakul Tambat Institute of Nursing Education 23/01/2008 B.J.Medical Co-oprative College Stores   BTIN-BK-4898 11/04/2023 11/04/2023 Books B04898